La poesía en Paul Celan : (Record no. 183514)

MARC details
000 -LEADER
campo de control de longitud fija 00936nam a2200229 i 4500
001 - NÚMERO DE CONTROL
campo de control 183514
003 - IDENTIFICADOR DE NÚMERO DE CONTROL
campo de control ES-MaACL
005 - FECHA Y HORA DE LA ÚLTIMA TRANSACCIÓN
campo de control 20250627063702.0
008 - DATOS DE LONGITUD FIJA--INFORMACIÓN GENERAL
campo de control de longitud fija 140710s2013 sp a | |||||||| |bspa d
020 ## - NÚMERO INTERNACIONAL ESTÁNDAR DEL LIBRO
Número Internacional Estándar del Libro 978-84-940924-6-6
080 ## - NÚMERO DE LA CLASIFICACIÓN DECIMAL UNIVERSAL
Número de la Clasificación Decimal Universal 821.112.2 Celan, Paul 1.07
100 1# - ENTRADA PRINCIPAL--NOMBRE DE PERSONA
Nombre de persona Santiago Sánchez, José Antonio,
Fechas asociadas al nombre 1976-
9 (RLIN) 154927
245 13 - MENCIÓN DEL TÍTULO
Título La poesía en Paul Celan :
Resto del título una experiencia de la distancia /
Mención de responsabilidad, etc. José Antonio Santiago Sánchez.
260 ## - PUBLICACIÓN, DISTRIBUCIÓN, ETC.
Lugar de publicación, distribución, etc. Madrid :
Nombre del editor, distribuidor, etc. Manuscritos,
Fecha de publicación, distribución, etc. D.L. 2013.
300 ## - DESCRIPCIÓN FÍSICA
Extensión 204 p. :
Otras características físicas il. ;
Dimensiones 22 cm.
500 ## - NOTA GENERAL
Nota general Basado en la tesis del autor.
504 ## - NOTA DE BIBLIOGRAFÍA, ETC.
Nota de bibliografía, etc. Bibliografía: p. 199-204.
600 17 - PUNTO DE ACCESO ADICIONAL DE MATERIA--NOMBRE DE PERSONA
Nombre de persona Celan, Paul-
Subdivisión general Crítica e interpretación.
9 (RLIN) 37343
852 1# - LOCALIZACIÓN
Ubicación BA
Número de control de estantería N-6126
Nota libre Dedicatoria autógrafa del autor
itemnumber 190455
Sublocalización o colección R.149914
Ubicación en estantería Depósito 1
Signatura antigua Olim: N-6126
Donativo/Legado Donación: José Antonio Santiago Sánchez
Anotaciones manuscritas Dedicatoria autógrafa del autor
942 ## - ELEMENTOS DE ENTRADA SECUNDARIOS (KOHA)
Fuente del sistema de clasificación o colocación Clasificación decimal universal
Tipo de ítem Koha Libro impreso
Holdings
Estatus retirado Estado de pérdida Fuente del sistema de clasificación o colocación Estado de daño No para préstamo Colección Biblioteca de origen Biblioteca actual Ubicación en estantería Fecha de adquisición Fuente de adquisición Total de préstamos Signatura topográfica completa Código de barras Visto por última vez Precio de reemplazo Tipo de ítem Koha Nota pública
    Clasificación decimal universal     Libros con dedicatorias Biblioteca del Ateneo de Madrid Biblioteca del Ateneo de Madrid Depósito 1 10/07/2014 Donación   A-13126 1192890 23/02/2023 23/02/2023 Libro impreso Dedicatoria autógrafa del autor